Le Città più Grandi della Francia - Statistics

Statistiche generali
  • Questo quiz è stato fatto 3.584 volte
    3.531 dall'ultimo reset
  • Il punteggio medio è 10 su 20
Statistiche sulle risposte
Popolazione Città % Corretto
2,113,705 Parigi
99%
877,215 Marsiglia
92%
520,774 Lione
91%
353,701 Nizza
84%
265,328 Bordeaux
72%
511,684 Tolosa
62%
291,709 Strasburgo
61%
325,070 Nantes
60%
307,101 Montpellier
50%
238,695 Lilla
48%
227,830 Rennes
46%
156,389 Grenoble
30%
178,478 Reims
30%
172,569 Saint-Étienne
30%
166,462 Le Havre
27%
159,941 Digione
26%
180,834 Tolone
25%
157,555 Angers
20%
150,444 Nîmes
16%
162,207 Villeurbanne
7%
Nessun quiz corrispondente trovato
Distribuzione punteggi
Percentuale di utenti per punteggio
Percentile per numero di risposta
I tuoi punteggi nel tempo
Non hai fatto questo quiz dall'ultimo reset